Clash Royale Kartlar - Statistics

General Stats
  • This quiz has been taken 215 times
    146 since last reset
  • The average score is 73 of 125
Answer Stats
Sıradan % Correct
Dev
84%
Prens
83%
İskeletler
82%
Mini P.E.K.K.A
79%
Prenses
79%
Cadı
78%
Okçular
78%
Goblinler
77%
P.E.K.K.A
77%
Top
77%
Şövalye
76%
Barbarlar
75%
Büyücü
73%
Oklar
73%
Tomruk
73%
Gece Cadısı
72%
Goblin Fıçısı
72%
Golem
72%
Haydut
72%
Kraliyet Devi
72%
Boss Haydut
71%
Elektro Büyücü
71%
İskelet Ordusu
71%
Okçu Kraliçe
71%
İksir Golemi
70%
Tesla
70%
Buz Büyücüsü
68%
Buz Ruhu
68%
Kara Prens
68%
Yavru Ejderha
68%
Yıldırım
68%
Alev Topu
67%
Roket
67%
Valkür
67%
Altın Şövalye
66%
Çarpma
66%
Goblin Çetesi
66%
İskelet Kral
66%
Mega Şövalye
66%
Silahşör
66%
Dev İskelet
65%
Domuz Binicisi
65%
Goblin Kulübesi
65%
Ateş Ruhu
64%
Minyonlar
64%
Topçu
64%
Barbar Kulübesi
63%
Bombacı
63%
Cehennem Ejderhası
63%
Mezarlık
63%
Yaşlı Cadı
63%
Güçlü Madenci
62%
Küçük Prens
62%
Oduncu
62%
Öfke
62%
Kıvılcım
61%
Minyon Sürüsü
61%
Barbar Varili
60%
Elektro Ejderha
60%
Madenci
60%
Dev Goblin
59%
Elit Barbarlar
59%
Kraliyet Hayaleti
59%
Mızraklı Goblin
59%
Zehir
59%
Balon
58%
Keşiş
58%
Koç Binicisi
58%
Lav Tazısı
58%
Sarmaşık
58%
Bomba Kulesi
57%
Elektro Ruh
57%
Elektro Dev
55%
Fırın
55%
Kule Prensesi
55%
Felaket Kulesi
54%
İskelet Fıçısı
53%
Şifacı
53%
Goblin Makinesi
52%
Goblinstein
52%
Havai Fişekçi
52%
Üç Silahşör
52%
Dart Goblini
51%
Goblin Kafesi
51%
Goblin Laneti
51%
Korumalar
51%
Yaramaz
51%
Büyülü Okçu
50%
Dondurma
50%
Havan
50%
Koçbaşı
50%
Mezar Taşı
50%
Yarasalar
50%
İyileştirici Ruh
49%
Klon
49%
Muhafızlar
49%
X Yayı
49%
Ayna
48%
Buz Golemi
48%
Duvar Yıkıcılar
48%
Kraliyet Aşçısı
48%
Ruh İmparatoriçesi
48%
Avcı
46%
Kasırga
46%
Kraliyet Domuzları
46%
Kraliyet Paketi
46%
Mega Minyon
46%
Balıkçı
45%
Deprem
45%
Hançer Düşesi
45%
İskelet Ejderhalar
45%
Cellat
43%
Dev Kar Topu
43%
İksir Toplayıcı
43%
Rün Devi
43%
Top Arabası
43%
Boşluk
42%
Atıcı
37%
Köstebek
37%
Anka Kuşu
35%
Goblin Yıkıcı
33%
Serseriler
33%
Uçan Makine
33%
Şok Birliği
32%
Şüpheli Çalı
30%
No matching quizzes found
Score Distribution
Percent of People with Each Score
Percentile by Number Answered
Your Score History
You have not taken this quiz since the last reset